02025nam a2200337 a 450000100100000000500170001000800410002702000180006804000250008608200160011110000450012724501380017226000660031030000330037649000250040950000570043450000210049150000730051250000510058550000550063650400410069150503770073270000340110983000320114304900090117595201280118495201280131295201130144095201190155399900150167200000995620250128193628.0091002s2007 dr ac 001 0 spa d a9789945406573 aDO-SdBNPbspacBNPHU axxxxbE774J1 aEspinal Hernández, Edwin,d1971-9839610aJosé Batlle Filbá :bdel Maresme catalán al Cibao dominicano /cEdwin Espinal Hernández ;presentación Gustavo A. Tavarez E. aSanto Domingo :bInstituto Dominicano de Genialogía,c2007. a203 p. :bil., retrs. ;c28.1 aHistoria familiarv4 aFuente fotografícas Archivo históricode Santiago aIncluye índice aIncluye referencias bibliográficas y notas al pie de las páginas aGonzález Hernández (reporte genialógico) aIncluye datos biográficos del autor en la solapa aIncluye bibliografía (p. 197 -199)2 aAbreviaturas -- Presentación -- Introducción -- Cronología -- Estampas -- Capítulo I -- Capítulo II -- Capítulo III -- Capítulo IV -- Capítulo V -- Capítulo VI -- Capítulo VII -- Capítulo VIII -- Capítulo IX -- Capítulo X -- Anexos Iconografía de la familia Batlle Espaillar -- Descendencia de José Batlle Filbá -- Puentes y bibliografía.1 aTavarez E., Gustavo A.924903 0aHistoria familiarn4924904 aBNPD 001054708DSaGRbGRcCTd2011-02-14iLF1l0oxxxx E774Jp9956-30r2020-06-25te. 3w2020-06-25yLFDSZPréstamo en sala 001054708DSaGRbGRcCTd2011-02-14iLF1l0oxxxx E774Jp9956-40r2020-06-25te. 4w2020-06-25yLFDSZPréstamo en sala 0010718PDaPDbPDcCTd2009-10-02iLF1l0oxxxx E774Jp9956-10r2020-06-25w2020-06-25yLFPDZNo se presta 0010718PDaPDbPDcCTd2011-04-29iLF1l0oxxxx E774Jp9956-20r2020-06-25te. 2w2020-06-25yLFPDZNo se presta c9715d9715